[Event "SRB-chT 1st League Men 2018"]
[Site "Valjevo"]
[Date "2018.08.31"]
[Round "1"]
[White "Leskur, Dejan"]
[Black "Bozic, Milan"]
[Result "1/2-1/2"]
[WhiteElo "2389"]
[BlackElo "2336"]
[Annotator "TA"]
[PlyCount "29"]
[EventDate "2018.08.31"]
[EventType "team-tourn"]
[EventCountry "SRB"]
[SourceTitle "playchess.com"]
[Source "ChessBase"]
[SourceQuality "1"]

{[%evp 18,29,39,39,62,0,0,0,-1,-32,-31,-39,-32,-38]} 1. e4 d6 2. d4 c6 3. c3 Nf6 4. Bd3 e5 5. Nf3 Qc7 6. O-O {B07: Pirc-Ufimzew-Verteidigung} Be7 7. Nbd2 O-O 8. Re1 Nbd7 9. Nf1 Re8 10. Ng3 {LiveBook: 26 Partien} (10. h3 Nf8 11. Ng3 Ng6 12. Be3 Bf8 13. Qd2 h6 14. c4 Bd7 15. Bc2 exd4 16. Bxd4 {½-½ (35) Ragger,M (2656)-Baklan,V (2601) Linares 2017}) 10... Nf8 11. Nf5 (11. h3 $14) 11... Bxf5 $11 12. exf5 {[%cal Rd4e5]} exd4 13. Nxd4 d5 14. g3 $146 ({Vorgänger:} 14. Bg5 Ne4 15. Bxe7 Rxe7 16. Bxe4 Rxe4 17. Rxe4 dxe4 {½-½ (27) Boscolo,F (2343)-Varvaglione,A (2048) Porto San Giorgio 2013}) 14... N8d7 15. Be3 1/2-1/2

[Event "SRB-chT 1st League Men 2018"]
[Site "Valjevo"]
[Date "2018.08.31"]
[Round "1"]
[White "Arsovic, Goran"]
[Black "Saric, Sinisa"]
[Result "1/2-1/2"]
[WhiteElo "2369"]
[BlackElo "2399"]
[Annotator "TA"]
[PlyCount "60"]
[EventDate "2018.08.31"]
[EventType "team-tourn"]
[EventCountry "SRB"]
[SourceTitle "playchess.com"]
[Source "ChessBase"]
[SourceQuality "1"]

{[%evp 15,60,32,32,-15,51,40,57,60,60,57,67,55,73,57,70,74,67,35,46,46,65,58,96,32,64,57,84,58,58,56,61,61,67,46,75,37,48,40,56,0,52,0,58,0,41,0,59]} 1. d4 Nf6 2. Nf3 g6 3. c4 Bg7 4. g3 c5 5. Bg2 cxd4 6. Nxd4 O-O 7. Nc3 Qc7 {E60: King's Indian: Unusual lines and Fianchetto Variation without Nc3} 8. Qd3 Nc6 {LiveBook: 33 Games} 9. Bf4 Ne5 $146 (9... Qb6 $11 10. Nb3 d6) ({Predecessor:} 9... d6 10. Nxc6 bxc6 11. O-O a5 12. b3 Bb7 13. Rad1 Nd7 14. Qe3 Rfe8 15. Rc1 e5 16. Bh6 Bxh6 17. Qxh6 Nc5 18. Rfd1 Rad8 19. Rc2 f5 20. Qc1 Bc8 21. Rcd2 Be6 22. Qa3 {½-½ (22) Dreev,A (2653)-Bruzon Batista,L (2664) Havana 2018}) 10. Qd2 $14 d6 11. b3 Bd7 12. Rc1 Rac8 13. O-O Qb8 14. Bg5 Rfe8 15. h3 Nc6 16. Be3 a6 17. a4 Red8 18. Rfd1 Be8 19. Kh2 (19. Nc2 $16) 19... h5 20. Kg1 b6 21. Nxc6 Bxc6 22. Bxc6 Rxc6 23. Bd4 Qb7 24. Rc2 Rdc8 25. Rdc1 Kf8 26. Kh2 Kg8 27. Kg1 Kf8 28. Kh2 Kg8 29. Kg1 Kf8 30. Kh2 Kg8 {Precision: White = 48%, Black = 36%.} 1/2-1/2

[Event "SRB-chT 1st League Men 2018"]
[Site "Valjevo"]
[Date "2018.08.31"]
[Round "1"]
[White "Robulj, Nenad"]
[Black "Svetushkin, Dmitry"]
[Result "0-1"]
[WhiteElo "2312"]
[BlackElo "2580"]
[Annotator "TA"]
[PlyCount "92"]
[EventDate "2018.08.31"]
[EventType "team-tourn"]
[EventCountry "SRB"]
[SourceTitle "playchess.com"]
[Source "ChessBase"]
[SourceQuality "1"]

{[%evp 20,92,11,12,14,3,3,0,16,0,13,0,0,0,0,0,0,0,0,0,0,0,7,0,0,0,0,-27,-27,-25,11,-56,-41,-48,-41,-137,-41,-77,-77,-77,-64,-75,-73,-133,-127,-127,-124,-239,-235,-208,-222,-262,-262,-277,-195,-203,-201,-261,-270,-292,-289,-391,-317,-404,-404,-440,-437,-409,-416,-749,-705,-12053,-697,-618,-604]} 1. e4 c6 2. d4 d5 3. exd5 cxd5 4. Bd3 Nc6 5. c3 Nf6 6. h3 g6 7. Nf3 Bf5 8. O-O Bxd3 {B13: Caro-Kann (Abtausch-Variante 4.c4)} (8... Bg7 9. Re1 O-O 10. Bf1 a6 11. Bf4 Ne4 12. Nbd2 Re8 13. Nxe4 Bxe4 14. Nd2 Bf5 15. Nb3 Qb6 16. a4 Na5 17. Nxa5 Qxa5 {1-0 (34) Aronian,L (2767)-Mamedyarov,S (2801) Saint Louis 2018}) 9. Qxd3 Bg7 10. Bf4 O-O 11. Nbd2 {[%cal Bb1d2,Bd2f3,Bf3e5][%mdl 32] LiveBook: 11 Partien} Rc8 12. Ne5 $146 ({Vorgänger:} 12. Rfe1 e6 13. Ne5 Nd7 14. Ng4 Na5 15. Nf3 Qb6 16. Re2 Nc4 17. b3 Na3 18. Rc1 Nb5 19. Nfe5 Nxe5 20. dxe5 Qa6 {½-½ (53) Kroeze,F (2395)-Mueller,O (2283) Lemgo 2018}) 12... e6 13. Nxc6 Rxc6 14. Be5 Ne8 15. Bxg7 Kxg7 16. Nf3 Nd6 17. Ne5 Rc7 18. Rae1 h5 19. Re2 h4 20. Rfe1 Qg5 21. Nf3 Qf6 22. Qe3 (22. a4 {with more complications.} Rh8 23. Ra1 a6 24. Ne5 Rh5 25. Qd1) 22... Nc4 23. Qg5 (23. Qc1 {keeps more tension.} b5 24. Nh2 Rh8 25. Ng4 Qd8 26. Qf4) 23... Qxg5 24. Nxg5 b5 25. f4 (25. b3 $1 $11) 25... Kh6 26. Kf2 a5 27. Kf3 ({Besser ist} 27. Nf3 $15) 27... Kh5 ({Günstiger ist} 27... b4 $17 28. cxb4 axb4) 28. Nh7 Rh8 29. Nf6+ Kh6 30. Ng4+ Kg7 31. a3 {[#]} (31. Rc1 $142) 31... b4 $1 $17 {[%mdl 512]} 32. axb4 axb4 33. cxb4 {[#]} (33. Rc1 $17 {kämpft weiter.}) 33... Rb8 $1 $19 34. Ne5 Rxb4 35. Nd3 Rb3 36. Rd1 Nd6 37. Kf2 Ne4+ 38. Ke1 Kf6 39. Ne5 Kf5 40. Nf3 Kxf4 41. Nxh4 Rcb7 42. Nf3 Rxb2 43. Rxb2 Rxb2 44. Kf1 (44. Rd3 $142) 44... Kg3 {zielt auf ...Tf2+ ab.Schwarz steht klar auf Gewinn.} 45. Ne1 Kh2 (45... Rf2+ $142 46. Kg1 Nd2 47. Rxd2 Rxd2) 46. Nf3+ {[#]} Kh1 $1 {Precision: Weiß = 30%, Schwarz = 57%.} 0-1

[Event "SRB-chT 1st League Men 2018"]
[Site "Valjevo"]
[Date "2018.08.31"]
[Round "1"]
[White "Perisic, Radivoj"]
[Black "Ivic, Velimir"]
[Result "0-1"]
[WhiteElo "2243"]
[BlackElo "2456"]
[Annotator "TA"]
[PlyCount "97"]
[EventDate "2018.08.31"]
[EventType "team-tourn"]
[EventCountry "SRB"]
[SourceTitle "playchess.com"]
[Source "ChessBase"]
[SourceQuality "1"]

{[%evp 14,97,11,0,32,16,33,10,22,13,18,0,32,6,34,8,43,56,70,69,73,76,89,90,99,92,86,73,70,0,-24,-76,-70,-65,-69,-37,-39,-38,-37,-35,-45,-73,-47,-94,-100,-151,-169,-156,-157,-145,-139,-221,-227,-219,-185,-285,-297,-331,-311,-441,-391,-408,-308,-866,-784,-1270,-1193,-2059,-2058,-2059,-2059,-2000,-1999,-1990,-1936,-1867,-1719,-1517,-1162,-6422,-6211,-29981,-29982,-29982,-29983,-29988]} 1. e4 c5 2. Nf3 d6 3. d4 cxd4 4. Nxd4 Nf6 5. Nc3 a6 6. Rg1 e5 7. Nb3 {B90: Sicilian Najdorf: Unusual White 6th moves, 6 Be3 Ng4 and 6 Be3 e5} h5 (7... Be6 8. g4 d5 9. exd5 Nxd5 10. Nxd5 Qxd5 11. Qxd5 Bxd5 12. Be3 Nc6 13. O-O-O O-O-O 14. Bb6 Rd6 15. a3 Bxb3 16. Rxd6 Bxd6 17. cxb3 Bc7 18. Be3 Nd4 19. Bxd4 exd4 {½-½ (19) Van Foreest,J (2605)-Sasikiran,K (2661) Sitges 2016}) 8. h3 {LiveBook: 3 Games} h4 9. Bg5 $146 {White is slightly better.} ({Predecessor:} 9. Be3 Be6 10. Qd2 Nbd7 11. O-O-O b5 12. f4 Rc8 13. Kb1 Be7 14. a3 O-O {1-0 (48) Pridorozhni,A (2366)-Looshnikov,N (2409) Orsk 2001}) 9... Be6 10. Qd2 Nbd7 11. O-O-O b5 12. Bd3 Be7 (12... b4 $5 {[%cal Rb4c3]} 13. Nd5 Bxd5 14. exd5 a5 $14) 13. Kb1 Rc8 14. Rge1 Nb6 15. f4 {[%cal Bf2f4,Bf4f5][%mdl 32]} Nfd7 16. Bxe7 Qxe7 17. f5 Bc4 18. Na5 Rh6 19. Bxc4 bxc4 20. Nd5 Nxd5 21. Qxd5 (21. exd5 $14 Nb6 22. Qb4) 21... Nb6 $1 $11 {[%cal Rb6d5]} 22. Qb7 (22. Qd2 $11 {remains equal.}) 22... Qxb7 $17 23. Nxb7 Ke7 24. b3 Rc7 $36 {[%mdl 2048] Black has the initiative.} 25. Na5 Rh8 26. Re3 Rd8 27. Kb2 Kf6 $1 28. Rc3 {[%cal Ra5c4]} d5 29. exd5 (29. Nxc4 $142 d4 30. Nxb6 Rxc3 31. Nd5+ Rxd5 32. exd5) 29... Rxd5 30. Rxd5 Nxd5 31. Rxc4 Rxc4 32. Nxc4 (32. bxc4 $17 {is the only way for White.} Nf4 33. c5) 32... Kxf5 {[%mdl 4096] Endgame KN-KN} 33. Nd6+ Ke6 34. Ne4 (34. Nc4 $142) 34... Nf4 $19 35. Nc5+ Kd6 36. Nxa6 (36. Ne4+ {might work better.} Kc6 37. g3 hxg3 38. Nxg3) 36... Nxg2 37. c4 f5 {[%cal Bf7f5,Bf5f4][%mdl 32]} 38. Kc3 $2 (38. c5+ Kd5 39. b4) 38... f4 39. b4 {[#]} e4 $1 40. Nc5 {[#]} e3 $1 41. Ne4+ Ke5 42. Ng5 e2 43. Kd3 e1=Q 44. Nf3+ Kd6 {( -> ...Qe3+)} 45. Nxe1 Nxe1+ 46. Ke4 g5 {[%cal Bg7g5,Bg5g4][%mdl 32]} 47. a4 f3 48. Ke3 {[#]} g4 $1 49. Kd4 {Precision: White = 31%, Black = 83%.} (49. hxg4 h3) 0-1

[Event "SRB-chT 1st League Men 2018"]
[Site "Valjevo"]
[Date "2018.08.31"]
[Round "1"]
[White "Tadic, Stefan"]
[Black "Vucinic, Gojko"]
[Result "0-1"]
[WhiteElo "2240"]
[BlackElo "2411"]
[Annotator "TA"]
[PlyCount "54"]
[EventDate "2018.08.31"]
[EventType "team-tourn"]
[EventCountry "SRB"]
[SourceTitle "playchess.com"]
[Source "ChessBase"]
[SourceQuality "1"]

{[%evp 18,54,5,22,12,0,-4,-4,5,-31,-23,-27,-16,-21,0,-25,-29,-28,-29,-27,-18,-117,0,0,0,-29981,-5198,-2224,-1325,-1324,-1308,-1289,-1275,-1191,-1181,-1539,-1524,-29998,-29999]} 1. e4 c5 2. Nc3 Nc6 3. Nf3 g6 4. d4 cxd4 5. Nxd4 Bg7 6. Be3 Nf6 7. Nxc6 bxc6 8. e5 Ng8 9. f4 Nh6 10. Qd2 {LiveBook: 21 Games} d5 {B34: Sicilian: Accelerated Dragon with 5 Nc3: sidelines} 11. exd6 (11. Bc5 O-O 12. Bd3 f6 13. O-O fxe5 14. fxe5 Nf7 15. Rae1 Nxe5 16. Rxf8+ Qxf8 17. Kh1 Qf6 18. Rf1 {½-½ (29) Abasov,N (2575)-Zvjaginsev,V (2661) Minsk 2017}) 11... exd6 12. O-O-O O-O {The position is equal.} 13. h3 {next g4 is good for White.} Nf5 14. Bf2 $1 Qa5 {Strongly threatening ...Be6.} 15. Bc4 Rb8 16. g4 Rb4 ({Don't blunder} 16... Qb4 $2 17. Bb3 $16) 17. Bb3 Nd4 $1 18. Kb1 $146 ({Predecessor:} 18. Rhe1 c5 19. Re7 Be6 20. Bxe6 Nxe6 {0-1 (31) Peters,J-Ivanov,I (2430) Lone Pine,CA 1981}) 18... Be6 $1 19. Ne4 (19. Bxd4 $11 {keeps the balance.} Rxd4 20. Qf2) 19... Nxb3 (19... Bxb3 $17 20. cxb3 Nf3) 20. axb3 $11 {Be1 is the strong threat.} Rfb8 $40 {[%mdl 128] Threatens to win with ...Bxb2. Black mounts an attack.} 21. Rhe1 $2 {[%mdl 8192] [#]} (21. Qxd6 $11 Bxb3 22. cxb3 Bxb2 23. Qxb8+ (23. Kxb2 Rxb3+ 24. Kc1 Rb1+ 25. Kc2 Qa2+ 26. Kd3 R1b3+ 27. Nc3 Rxc3+ 28. Kxc3 Rb3+ 29. Kd4 Qxf2+ 30. Ke5 Re3+ 31. Kd4 Re6+ 32. Kc4 Qc2+ 33. Kb4 Qb2+ 34. Kc4 Qb5+ 35. Kc3 Rxd6 $19) 23... Rxb8 24. Kxb2) 21... Bxb2 $1 {[%csl Gb2][%cal Ra5a1][%mdl 512]} 22. c3 (22. Kxb2 Rxb3+) 22... Qa1+ 23. Kc2 Bxb3+ 24. Kd3 Qa6+ 25. Ke3 {[#]} Rxe4+ $1 26. Kxe4 Bd5+ 27. Kd4 Qc4+ {Precision: White = 42%, Black = 75%.} 0-1

[Event "SRB-chT 1st League Men 2018"]
[Site "Valjevo"]
[Date "2018.08.31"]
[Round "1"]
[White "Popovic, Nenad"]
[Black "Omorjan, Dejan"]
[Result "1/2-1/2"]
[WhiteElo "2238"]
[BlackElo "2260"]
[Annotator "TA"]
[PlyCount "247"]
[EventDate "2018.08.31"]
[EventType "team-tourn"]
[EventCountry "SRB"]
[SourceTitle "playchess.com"]
[Source "ChessBase"]
[SourceQuality "1"]

{[%evp 11,247,1,0,-14,0,-9,-15,-20,-16,-16,0,-21,-20,-18,-18,-5,0,-10,-4,-53,-42,-91,-100,-102,-81,-95,-72,-75,-68,-67,-68,-67,-63,-60,-75,-67,-67,-70,-61,-70,-14,-56,-52,-165,-95,-103,-100,-106,-101,-75,-14,-16,-2,-100,-93,-154,-146,-212,-133,-497,-73,-67,-16,-21,-21,-92,-60,-66,-74,-88,-49,-50,0,0,170,-24,-27,-29,-2,-5,1,-13,-14,-27,-21,-104,-34,-121,-107,-103,-114,-98,-66,-59,-62,-275,-300,-301,-289,-296,-292,-292,-275,-291,-275,-275,-275,-275,-266,-283,-240,-229,-44,-44,-44,-44,-44,-161,-44,-44,-44,-233,-233,-233,-44,-44,0,-44,0,-116,0,-233,-225,-218,-116,-164,-170,-402,-402,-428,-428,-428,-421,-476,-402,-362,-245,-317,-243,-604,-587,-1342,-1336,-1196,-1022,-778,-647,-2413,-5385,-1766,-873,-866,-841,-1176,-1049,-29972,0,-1155,-1123,-1021,-1047,-5118,0,-518,-39,-39,-39,-40,0,0,0,0,8,8,69,69,69,69,69,69,69,69,70,70,70,70,70,70,70,70,70,70,70,70,70,70,70,70,70,70,70,70,70,70,70,70,70,70,70,70,70,70,70,70,70,70,70,70,70,70,70,70,70,70,70,70,70,8]} 1. c4 Nf6 2. Nf3 g6 3. g3 c6 (3... Bg7 4. Nc3 O-O 5. Bg2 c6 6. e4 d5 7. cxd5 cxd5 8. e5 Ne4 9. O-O Qa5 10. Ne2 Nc6 11. d3 Nc5 12. d4 Ne6 13. Be3 Rd8 14. h4 {½-½ (42) Grischuk,A (2766)-Aronian,L (2767) Saint Louis 2018}) 4. b3 Bg7 5. Bb2 O-O 6. Qc2 {A15: English Opening: 1...Nf6} d5 {LiveBook: 24 Games} 7. d3 Nbd7 8. Nbd2 {The position is equal.} Re8 9. Ne5 Nxe5 10. Bxe5 Bh6 $146 ({Predecessor:} 10... Qb6 11. c5 Qd8 12. Bg2 Bd7 13. O-O {1-0 (68) Vuelban,V (2332)-Colucci,S (1944) San Nicola Arcella 2007}) 11. h3 Nd7 $36 {[%mdl 2048] White is under pressure.} 12. Bb2 e5 13. Bg2 Nf6 14. Rd1 d4 15. b4 a5 16. a3 axb4 17. axb4 Bf8 18. Qb3 Qb6 19. Ba3 Be6 20. O-O Ra6 21. Nf3 Rea8 22. Bc1 Nd7 $1 23. Bd2 Ra3 24. Qb1 f6 25. Ne1 f5 (25... Ra2 $15) 26. Nc2 Ra2 27. f4 {[#]} (27. e3 $15) 27... Bg7 (27... e4 $1 $19 {[%mdl 512]} 28. Bc1 (28. dxe4 d3+) 28... c5 29. dxe4 fxe4 30. Bxe4 Nf6) 28. fxe5 $17 Bxe5 29. Bf4 Qc7 30. Rf2 {[#]} Bxf4 (30... g5 $1 $17 {[%mdl 512]} 31. Bxe5 (31. Bxg5 Bxg3) 31... Qxe5) 31. gxf4 $11 Qb6 32. Kh2 (32. c5 $1 $11 {keeps the balance.} Nxc5 33. bxc5 Qxb1 34. Rxb1 Rxc2 35. Rxb7) 32... Nf6 33. c5 (33. Bf3 $142) 33... Qd8 $17 34. b5 (34. Re1 $17) 34... Bd5 35. Rg1 $2 {[%mdl 8192] [#]} (35. bxc6 $17 {is more resistant.} bxc6 36. Nb4 Bxg2 37. Rxg2 (37. Nxa2 $2 {loses.} Bd5 $19)) 35... Bxg2 $2 (35... Ng4+ $1 $19 {[%mdl 512] is more deadly.} 36. Kg3 (36. hxg4 Qh4+) 36... Nxf2 37. Bxd5+ cxd5 38. Kxf2 Qh4+ 39. Kg2 Qxf4) 36. Rgxg2 cxb5 (36... Kf8 $15 37. bxc6 bxc6) 37. Qxb5 $11 Kh8 38. Qc4 (38. Qb3 $11 {remains equal.}) 38... R8a4 39. Qb5 Qd7 40. Qb6 Nd5 {[%cal Bf6d5,Bd5c3,Bc3d1][%mdl 32]} (40... Rxc2 41. Qxf6+ Kg8 42. Rxg6+ $1 {[%mdl 512]} hxg6 43. Rg2 $18) 41. Qb3 Nc3 42. e3 Qd5 $2 (42... Nd1 $11 {and Black is okay.} 43. c6 bxc6) 43. Nxd4 $2 ({White must play} 43. Qb6 $1 $18) 43... Qxb3 44. Nxb3 Rxf2 (44... R2a3 {is more complex.} 45. Nd4 Nd1 46. Re2 Nxe3 47. Rxe3 Rxd4 48. Rb2 Rd7) 45. Rxf2 $18 {[%mdl 4096] Endgame KRN-KRN} Nd1 46. Rd2 Nxe3 47. Re2 Nd5 {With the idea ...Rb4.} 48. Re8+ $1 Kg7 49. Re5 (49. Rb8 $15) 49... Nxf4 $17 {Hoping for ...Rb4.} 50. Re7+ Kh6 51. Rxb7 Ra2+ 52. Kg3 Nxd3 53. Rc7 $2 (53. c6 $15) 53... Ra3 $19 54. Nd4 Nxc5+ 55. Kg2 Ne4 56. Ne6 Rg3+ 57. Kh2 Rc3 58. Re7 Rc2+ 59. Kg1 Rc8 60. h4 Nf6 61. Rf7 Nh5 $2 ({Black should play} 61... Nd5 $19 62. Rd7 Rc6) 62. Ng5 $1 $15 {[%csl Gg5][%cal Rf7h7]} Ng7 63. Kg2 Rc2+ 64. Kg3 (64. Kf3 $15) 64... Rc3+ ({Better is} 64... Rc4 $1 $19 65. Kh3 Kh5) 65. Kg2 Rc4 66. Kh3 $2 (66. Re7 $1 $15) 66... Kh5 $1 $19 67. Nf3 Rc3 $2 (67... Rf4 $1 $19 {[%cal Rf4f3]} 68. Kg3 Rg4+ 69. Kh3 Rf4) 68. Kg2 $1 $15 Kh6 {And now ...Rc4 would win.} 69. Ng5 $1 Rc4 (69... Rc6 $15) 70. Kh3 $17 Kh5 (70... Rg4 $1 $17 71. Re7 Kh5 72. Nxh7 Rxh4+ 73. Kg3 f4+ 74. Kg2 Nf5 75. Nf6+ Kg5 76. Ne4+ Kh6) 71. Nf3 $1 $19 Rf4 $1 {[%cal Rf4f3]} 72. Kg3 Rg4+ 73. Kh3 {[#]} f4 $1 {...Rg3+ is the strong threat.} 74. Kh2 $2 (74. Rxg7 Rg3+ 75. Kh2 Rxf3 76. Rxh7+ Kg4 77. Rh6) 74... Kh6 75. Ne5 Rxh4+ 76. Kg2 Nf5 77. Kf2 Nd4 78. Rd7 Rh2+ 79. Kf1 {Strongly threatening Ng4+.} Rd2 80. Nf7+ $2 (80. Ng4+ Kg5 81. Nf2) 80... Kh5 81. Rd5+ Kh4 82. Ng5 Rd1+ 83. Kf2 Kg4 84. Nxh7 Rd2+ 85. Kf1 Nf3 (85... Kg3 $142 86. Rg5+ Kf3) 86. Nf6+ Kh4 87. Ra5 Nh2+ 88. Kg1 Nf3+ (88... Re2 $142 89. Ne4 Nf3+ 90. Kf1 Rxe4 91. Ra2 g5 92. Kf2 Ne5 93. Ra7 Ng4+ 94. Kg2 Re2+ 95. Kf1 f3 96. Ra1 Ne3+ 97. Kg1 f2+ 98. Kh1 Kg3 99. Rc1 Re1+ 100. Rxe1 fxe1=R#) 89. Kf1 g5 90. Ra8 Nh2+ 91. Kg1 {[#]} Nf3+ (91... Re2 $142 $1 92. Rh8+ Kg3 93. Nh5+ Kf3) 92. Kf1 Kh3 $2 (92... Rd4 $19 93. Rh8+ Kg3 94. Nh5+ Kg4 95. Nf6+ Kf5) 93. Rh8+ $15 Nh4 94. Rg8 $1 g4 95. Nxg4 f3 96. Nf2+ Kh2 97. Rg1 {Threatens to win with Rh1+.} Rd4 (97... Nf5 $11 98. Rh1+ Kg3 99. Ne4+ Kf4 100. Nxd2 Ng3+ 101. Kg1 Nxh1) 98. Rh1+ $14 {White is slightly better.} Kg3 99. Rh3+ Kf4 {aiming for ...Nf5.} 100. Rxh4+ {KRN-KR} Ke5 101. Rh8 Ra4 102. Re8+ Kd6 103. Ne4+ Kd7 104. Re5 Ra2 105. Rf5 Ke6 106. Rxf3 Ke5 107. Nf2 Ra1+ 108. Kg2 Ra2 109. Kg3 Ra1 110. Re3+ Kf5 111. Nd3 Rg1+ 112. Kf2 Ra1 113. Re5+ Kf6 114. Rd5 Ra3 115. Ke3 Ke6 116. Rh5 Kf6 117. Rb5 Ke6 118. Ke4 Ra4+ 119. Nb4 Kd6 120. Kf5 Ra1 121. Rd5+ Kc7 122. Nd3 Rf1+ 123. Ke6 Rh1 124. Ke5 {Precision: White = 49%, Black = 49%.} (124. Rc5+ $14 Kb7 125. Ne5) 1/2-1/2

[Event "SRB-chT 1st League Men 2018"]
[Site "Valjevo"]
[Date "2018.09.01"]
[Round "2"]
[White "Banusz, Tamas"]
[Black "Ivanisevic, Ivan"]
[Result "1/2-1/2"]
[WhiteElo "2618"]
[BlackElo "2578"]
[Annotator "TA"]
[PlyCount "60"]
[EventDate "2018.08.31"]
[EventType "team-tourn"]
[EventCountry "SRB"]
[SourceTitle "playchess.com"]
[Source "ChessBase"]
[SourceQuality "1"]

{[%evp 18,60,0,-1,29,29,34,8,15,0,25,0,0,0,0,0,11,2,12,7,10,2,2,2,6,0,0,0,0,0,0,0,14,0,0,0,25,20,11,0,0,0,0,2,5]} 1. Nf3 {Atalik,S} c5 2. c4 Nc6 3. Nc3 g6 4. e3 Bg7 5. d4 d6 6. Be2 e6 {A35: Symmetrical English: 2 Nc3 Nc6 3 Nf3} 7. O-O Nf6 8. e4 O-O 9. d5 Nd4 10. dxe6 {LiveBook: 3 Games} Nxe2+ 11. Qxe2 Bxe6 12. Bf4 $146 ({Predecessor:} 12. Rd1 Qb6 13. Bf4 Rad8 14. b3 Rfe8 15. Qd3 Ng4 16. Rac1 {½-½ (30) Arutinian,D (2566)-Atalik,S (2607) Konya 2010 CBM 137 Extra [Atalik,S]}) 12... Nh5 13. Bg5 Qb6 14. Nd5 Bxd5 15. exd5 Rfe8 16. Qc2 Nf6 17. Rae1 Qc7 18. h3 a6 19. Bf4 b5 20. b3 Qd7 21. Rxe8+ Rxe8 22. Re1 Rxe1+ 23. Nxe1 Qe7 24. Kf1 Kf8 25. a4 Nh5 26. Bc1 Nf6 27. axb5 axb5 {The position is equal.} 28. Qa2 bxc4 29. bxc4 Qe4 30. Qe2 Qxe2+ {Precision: White = 41%, Black = 53%.} 1/2-1/2

[Event "SRB-chT 1st League Men 2018"]
[Site "Valjevo"]
[Date "2018.09.01"]
[Round "2"]
[White "Markus, Robert"]
[Black "Svetushkin, Dmitry"]
[Result "1/2-1/2"]
[WhiteElo "2613"]
[BlackElo "2580"]
[Annotator "TA"]
[PlyCount "54"]
[EventDate "2018.08.31"]
[EventType "team-tourn"]
[EventCountry "SRB"]
[SourceTitle "playchess.com"]
[Source "ChessBase"]
[SourceQuality "1"]

{[%evp 27,54,20,24,12,12,10,10,10,8,9,16,0,0,0,0,3,14,0,17,16,8,9,8,0,14,22,22,25,20]} 1. d4 Nf6 2. c4 e6 3. Nf3 d5 4. g3 Be7 5. Bg2 O-O 6. O-O dxc4 7. Qc2 a6 8. a4 Bd7 {[%cal Bc8d7,Bd7c6,Bc6d5,Bd5e4][%mdl 32]} 9. Qxc4 Bc6 10. Bg5 Bd5 11. Qc2 Be4 12. Qc1 h6 13. Bxf6 {E05: Open Catalan: 5 Nf3 Be7} Bxf6 14. Rd1 (14. Nbd2 Bxf3 15. Nxf3 a5 16. Rd1 c6 17. h4 Na6 18. Qf4 Qc7 19. Qg4 Rad8 20. Rac1 Nb4 {0-1 (45) Wei,Y (2729)-So,W (2780) chess.com INT 2018}) 14... a5 {[#] LiveBook: 21 Games} 15. Ne1 $146 ({Predecessor:} 15. Nbd2 Bxf3 16. Bxf3 c6 17. Nb3 Na6 18. h4 Qb6 19. Qc4 Rfd8 20. e3 Be7 {½-½ (31) Markus,R (2617)-Berkes,F (2658) Budapest 2017}) 15... Bxg2 16. Kxg2 Na6 ({Don't go for} 16... Bxd4 $2 17. Qc4 $18) 17. Nc3 Nb4 18. Nf3 c6 19. h4 Qc7 20. Ne4 Be7 21. Qc4 Rad8 22. e3 Nd5 23. Ne5 Nf6 24. Nxf6+ Bxf6 25. Nd3 e5 26. dxe5 Bxe5 27. Nxe5 Qxe5 1/2-1/2

[Event "SRB-chT 1st League Men 2018"]
[Site "Valjevo"]
[Date "2018.09.01"]
[Round "2"]
[White "Georgiev, Kiril"]
[Black "Pavlovic, Milos"]
[Result "1/2-1/2"]
[WhiteElo "2590"]
[BlackElo "2482"]
[Annotator "TA"]
[PlyCount "67"]
[EventDate "2018.08.31"]
[EventType "team-tourn"]
[EventCountry "SRB"]
[SourceTitle "playchess.com"]
[Source "ChessBase"]
[SourceQuality "1"]

{[%evp 20,67,28,27,25,17,22,22,18,17,24,18,18,20,4,4,19,20,23,16,15,21,28,25,40,35,36,22,41,37,26,10,30,0,0,0,77,0,47,17,17,-14,0,-27,16,-37,0,-67,0,0]} 1. Nf3 d5 2. c4 e6 3. d4 Be7 4. Nc3 Nf6 5. Bf4 O-O 6. e3 Nbd7 {[%cal Bb8d7,Bd7c5,Bc5e4][%mdl 32]} 7. a3 {D37: Damengambit (5.Lf4)} (7. g4 dxc4 8. Bxc4 c5 9. g5 Nh5 10. Bg3 g6 11. Qe2 cxd4 12. Nxd4 Nb6 13. Bb3 Bb4 14. Nf3 Bd7 {1-0 (73) Mamedyarov,S (2808)-Karjakin,S (2782) Paris 2018}) 7... c5 8. cxd5 Nxd5 9. Nxd5 exd5 10. dxc5 Nxc5 11. Be2 {LiveBook: 74 Partien} Bf6 12. Be5 Bxe5 13. Nxe5 Be6 {[#]} 14. Rc1 $146 ({Vorgänger:} 14. O-O d4 15. Qxd4 Qxd4 16. exd4 {½-½ (30) Heimann,A (2574)-Kraemer,M (2579) Switzerland 2018}) 14... Qb6 15. b4 Ne4 16. Nf3 Rfc8 17. O-O Rxc1 18. Qxc1 a5 19. Qb2 axb4 20. axb4 Ra4 21. Rb1 h6 22. Nd4 Bd7 23. Bd3 Qf6 24. Qc2 Qe7 25. Bxe4 (25. b5 {seems wilder.} Ra3 26. Bxe4 Qxe4 27. Qb2 Ra4 28. Rd1) 25... Qxe4 26. Qxe4 (26. Qb3 {is interesting.} b5 27. Rc1 Qe5 28. Qc3 Qg5 29. Nf3) 26... dxe4 $11 {[%mdl 4096] Endspiel KTL-KTS} 27. h3 f5 {[#]} (27... Kf8 $11) 28. h4 (28. Rc1 $1 $16) 28... g5 29. hxg5 hxg5 30. g4 fxg4 31. Kf1 Bc6 (31... g3 $5) 32. Ne2 ({Lieber} 32. Nxc6 $11 bxc6 33. b5) 32... Bd5 (32... Bb5 $5 {[%cal Ra4a2]} 33. Rb2 Kf7 $15) 33. b5 ({Besser ist} 33. Kg2 $11 Bc4 34. Nc3) 33... g3 (33... Bc4 $15 34. Rb2 Ra5) 34. fxg3 {Precision: Weiß = 45%, Schwarz = 36%.} 1/2-1/2